000 00444nam a22001697a 4500
003 NUST - PNEC
005 20170116181007.0
008 150912b xxu||||| |||| 00| 0 eng d
020 _a812031106X
040 _cLIBRARY
082 _a005.75 LEM
100 _99878
_aLemay, Laura
245 _aTeach yourself web publishing with HTML 3.0 in a week
_cLaura Lemay
260 _cc.1996
650 _99882
_aWeb Publishing
_xMIS
942 _2ddc
_cBK
999 _c66924
_d66924